000 00523nam a22001577a 4500
005 20250626031022.0
008 220302b |||||||| |||| 00| 0 eng d
040 _cIVS
082 _a746 /ARU
_b20652
100 _aAruba Rizvi
245 _aHow has the adaptation of fast fashion impacted the local textile brands of Pakistan?
260 _aKarachi
_bIndus Valley School
_c2021
300 _a57 pages
856 _uhttps://drive.google.com/file/d/1aR_6XCnMQ0xfblLSFOQTprd8sqI5PasX/view?usp=sharing
942 _2ddc
_cDISS
_n0
999 _c14328
_d14328